| 000 | 01100nam a2200349 a 4500 | ||
|---|---|---|---|
| 003 | BLK | ||
| 005 | 20230622155142.0 | ||
| 008 | 180412b bul|||||r ||||||| ||bul|| | ||
| 010 | _aKNG00011731000 | ||
| 020 | _a954-8359-06-5 | ||
| 040 | _aBLK | ||
| 041 |
_aBUL _cBUL |
||
| 080 |
_aБългарска литература _b821.163.2 _x-1 _z821.163.2-1 |
||
| 100 | 1 |
_aНиколова, Добрина _eпърви автор _9255326 |
|
| 139 |
_aНиколова, Добрина _bН 75 |
||
| 245 | 1 | 0 |
_aОтключени думи _bЛирика _cДобрина Николова. |
| 257 | _aBGR | ||
| 260 |
_aРусе _bИкар _c1994 _fСофия : П. Николов |
||
| 300 |
_a48 с. _bс ил. _c20 см |
||
| 380 | _aX | ||
| 500 | _aКн. е деп. 1996 г. - 500 тир. | ||
| 852 |
_aЦб 176529 _bЦб |
||
| 852 | _aК 821.163.2/Н 75 Д | ||
| 856 | 4 |
_qpdf _u |
|
| 856 | 4 |
_qpdf _u |
|
| 942 |
_cKNG _n0 _s1 |
||
| 944 |
_aCR _c15.01.2003 _kНаталия_Медовщикова |
||
| 944 |
_aED _c08.04.2008 |
||
| 999 |
_c10254 _d10254 |
||
| 999 | _d10254 | ||
| 999 | _d10254 | ||
| 999 | _d10254 | ||